| Поле | Инд. | ПП | Название | Значение |
|---|---|---|---|---|
| Тип записи | a | |||
| Библиографический уровень | a | |||
| 001 | Контрольный номер | RU/IS/BASE/449325553 | ||
| 005 | Дата корректировки | 20150513113552.7 | ||
| 020 | a | ISBN | 978-5-7996-0669-5 | |
| 040 | a | Служба первич. каталог. | НБ ТвГУ | |
| b | Код языка каталог. | rus | ||
| e | Правила каталог. | PSBO | ||
| 041 | 0_ | a | Код языка текста | rus |
| 100 | 1_ | a | Автор | Дьячков Дмитрий Сергеевич |
| q | Полное имя | Дьячков Д. С. | ||
| 245 | 10 | a | Заглавие | Джозеф Дэвис: "По следам московских процессов" |
| 260 | a | Место издания | Екатеринбург | |
| c | Дата издания | 2011 | ||
| 504 | a | Библиография | Библиогр.: с. 259-260 (38 назв.) | |
| 520 | a | Аннотация | Немаловажным в оценке политических репрессий в конце тридцатых годов в СССР является взгляд современников-иностранцев, которые с безопасного расстояния имели возможность делать свои выводы. В этой связи любопытна точка зрения посла США в СССР в 1937-1938 гг. Джозефа Э. Дэвиса. | |
| 653 | a | Ключевые слова | Джозеф Дэвис | |
| 653 | 1_ | a | Ключевые слова | США |
| 653 | 1_ | a | Ключевые слова | СССР |
| 653 | 1_ | a | Ключевые слова | Посол |
| 653 | 1_ | a | Ключевые слова | Репрессии |
| 653 | 1_ | a | Ключевые слова | Политические процессы |
| 700 | 1_ | a | Другие авторы | Попова Ольга Григорьевна |
| q | Полное имя | Попова О. Г. | ||
| 773 | 08 | w | Контрольный № источника | RU/IS/BASE/447263791 |
| t | Название источника | Документ. Архив. История. Современность | ||
| d | Место и дата издания | Екатеринбург, 2011 | ||
| g | Прочая информация | Вып. 12. - С. 246-260 | ||
| 901 | t | Тип документа | a | |
| 920 | a | Оператор | Батя |